|
|
|
|
| LEADER |
00000nab a2200000 a 4500 |
| 001 |
vtls000917855 |
| 003 |
SK-MaSNL |
| 005 |
20260303034127.0 |
| 008 |
040720e19931206xo 0 slo |
| 035 |
|
|
|a KE26732
|
| 040 |
|
|
|a KEVKJB
|b slo
|c KEVKJB
|e AACR2
|
| 041 |
0 |
|
|a slo
|
| 044 |
|
|
|a xo
|c SK
|
| 080 |
|
|
|a 061.2=850(437.6)
|2 1981
|
| 100 |
0 |
|
|a šg
|4 aut
|9 853272
|
| 245 |
1 |
0 |
|a Žiadajú dvojité štátne občianstvo
|b Spolok Čechov na Slovensku
|
| 610 |
2 |
7 |
|a Spolok Čechov na Slovensku,regionálna odbočka, Košice
|2 KEVKJB
|9 1018961
|
| 650 |
0 |
7 |
|a stretnutia
|2 KEVKJB
|9 877999
|
| 651 |
|
7 |
|a Košice (Slovensko)
|2 KEVKJB
|9 18694
|
| 651 |
|
7 |
|a KE,
|2 KEVKJB
|9 877256
|
| 655 |
|
7 |
|a periodikum
|2 snkbucl
|9 29553
|
| 710 |
2 |
|
|a Spolok Čechov na Slovensku,regionálna odbočka, Košice
|4 aut
|9 1018961
|
| 773 |
0 |
8 |
|t Košický večer
|g Roč. 4
|g Roč. 28, č.238, 6.12.1993, s. 1
|
| 852 |
|
|
|a ZVYKNI
|b KIS3GCP
|
| 999 |
|
|
|c 1672459
|d 1674389
|